MDQL
is popping MORE tags! Check the
thread
!
Quizzes
Events
Quiz Creation
Community
Videos
Private Events
Remove Ads
Sign In
Join for FREE
Feedback
Dark Mode
Quiz Categories
Sports
Geography
Music
Movies
Television
Just For Fun
Miscellaneous
History
Literature
Language
Science
Gaming
Entertainment
Religion
Holiday
For Kids
Quiz Lab
Recent
Popular Today
Quiz Kudos Today
Editor Picks
Curator Picks
Quizzes by...
Day
Popularity
Type
Ratings
Length
Year
Community
Subscriptions
Recent Discussions
Orange Saloon
Badges
Playlists
Quests
Create
Leaderboards
Showdown
Live 5
Trivia Bingo
Activity
Puzzle Library
Sporcle Events
Private Events
Virtual Trivia
Globe League
Become a Host
Pub Owners
SporcleCon
Opinionation
Our Games
Videos
Blog
Mobile Apps
Partnerships
Remove Ads and Go Orange
Feedback
Music
Pop Music
The Beatles
Song
Album
Lyrics
Bands
Singers
Artist
Clip
Rock
Rap
Classical
Billboard
Country Music
Kpop
Taylor Swift
Music
Pop Music
The Beatles
Song
Album
Lyrics
Bands
Singers
Artist
Clip
Rock
Rap
Classical
Billboard
Country Music
Kpop
Taylor Swift
Random Quiz
Search Sporcle
×
Quiz Lab
Quiz Lab
Music
Song
Type in answers that appear in a list
Type in answers that appear in a list
Classic
Best Score? Go Orange.
ELO Lyrics IV Stats
Can you name the Electric Light Orchestra Lyrics?
By
elofan9642
4m
10 Questions
128 Plays
128 Plays
128 Plays
Comments
Comments
Give Quiz Kudos
Give Quiz Kudos
-
- Ratings
hide this ad
Random Order
Randomize order of answers
Randomize order of answers
Replay
Link that replays current quiz
Next Quiz
Link to next quiz in quiz playlist
You Got
0%
They Got
Avg Score
48%
Avg Friend Score
Upgrade to see
Score Distribution
Jump to the score distribution portion of the page
Score
0/10
Timer
04:00
0
Plays Today
Lyrics
Song Titles
% Correct
''She's only programmed to be very nice, but she's as cold as ice, whenever I get too near.''
Yours Truly, 2095
77.2%
''Pack up all your things, we're gonna be leaving, sooner than I thought...''
Steppin' Out
69.3%
''People walkin' hand in hand, everyone's singing to the band...''
So Fine
57.5%
''One day, I gotta get it outta here, I gotta make everything clear, I gotta see you.''
The Lights Go Down
56.7%
''Suddenly came the dawn (from the night), suddenly I was born (into the light). How can it be real?''
I'm Alive
49.6%
''Summer days, where did you go? You've let me down so bad.''
Laredo Tornado
44.1%
''She'd had it rough, maybe most of the time, with only one thing on her mind.''
All She Wanted
33.9%
''Down, down, you can see 'em all, rising gaily to the top...''
In Old England Town (Boogie No. 2)
31.5%
''I was goin' round the world, I was lookin' for somewhere, I was searchin' for someone...''
State of Mind
30.7%
''I speant some time across the waves, I learned a lot of things I never could.''
It Really Doesn't Matter
29.1%
Quiz Playlist
Details
Report
Send in Message
Add To Playlist
Classic:
Type in answers that appear in a list
Random Order:
Randomize order of answers
Last Updated: Feb 16, 2017
Quiz Scoreboard
CHALLENGE
Sign Up to Join the Scoreboard
Show All
Scores
Hide
Comments
May contain spoilers
Recently Published
Holiday 10x10 Sorting Gallery
by lukepisani3
Holiday
15m
Two Season TV Shows II
by 123Four
Television
10m
Image Sorting: Flags VI
by Barbecue
Geography
2m
More to Explore
Quiz From the Vault
Featured Blog Post
14 Easter Pick-up Lines to Find Eggs With
hide this ad
You Might Also Like...
Tags
Song Quiz
electric
elo
light
orchestra
Today's Top Quizzes in Music
Browse Music
hide this ad
Today's Top Quizzes in Song
Browse Song
Top Contributed Quizzes in Music
1
5X2 Blitz: Bands II
2
5X2 Blitz: The Beatles
3
Taylor Swift All Songs (2024)
4
5X2 Blitz: Billboard
5
5X2 Blitz: Billboard II
6
Music Artist by Three 2010s hits
7
5X2 Blitz: Album
8
5X2 Blitz: Rock
9
5X2 Blitz: Singers
10
5X2 Blitz: Lyrics
Explore More
Trending Topics
Marvel
NBA
Harry Potter
Crossword
Disney
Kpop
Anime
Country
NFL
Soccer
Pokémon
The Office
Song
Puzzle
WWE
hide this ad
More By:
elofan9642
Quiz
Plays
Rating
Category
Featured
Created
What Anime Show Am I?
1,465
3.00
Entertainment
Dec 23, 2010
ELO Albums
625
5.00
Music
Dec 21, 2010
ELO Lyrics
512
5.00
Music
Dec 17, 2010
Mario and Luigi: Superstar Saga Quotes
504
4.67
Gaming
Jun 30, 2011
The Beatles Beginning Lyrics
365
4.00
Music
Jan 1, 2011
Go to Creator's Profile
Score Distribution
Quiz Creator Spotlight
elofan9642
Follow
Send a Message
Quizzes Created
-
Created Quiz Play Count
-
More By This Creator
Popular Quizzes Today
1
Find the US States - No Outlines Minefield
2
Colored Red Africa Blitz
3
Find the 'City' Movie
4
The Countries of the World
5
5x2 Blitz: Bands
6
Find the Countries of Europe - No Outlines Minefield
7
Find the US States
8
US States
More Music Quizzes
Technically Correct Band Names
Published
Trending Quizzes
Colored Red Europe Blitz I
Colored Red Africa Blitz II
Colored Red Europe Blitz II
Even More Two Season TV Shows
Colored Red Africa Blitz III
Recently Updated
Quick Pick: 20 Twenties
pecheneg
March Madness Men's Triple Doubles
pecheneg
How Do You Spell That?
pecheneg
Godzilla Movies
pecheneg
Grab Bag: 4-10 Letters
pecheneg
2024 March Madness Bracket
pecheneg
Famous TV Couples
Peacemaker
Champions League XIs: Real Madrid
pecheneg
Largest US Cities 1790-2010
pecheneg
Rides in Walt Disney World
pecheneg
Trending Topics
NBA
Harry Potter
Anime
Marvel
Kpop
Disney
Crossword
WWE
Pokémon
Soccer
Song
Country
Puzzle
The Office
NFL
Your Account Isn't Verified!
In order to create a playlist on Sporcle, you need to verify the email address you used during registration. Go to your
Sporcle Settings
to finish the process.
Report this User
Report this user for behavior that violates our
Community Guidelines
.
Details:
Send Report
Go to the Sporcle.com Mobile Site →
Comments